000 00840nam0a22002531 4500
001 rc\2328964
005 20250623011259.0
035 _a(NLR Aleph) 006505867
090 _a6279269
_c6279269
100 _a20110829d1977 |||y0rusy50 ca
101 0 _arus
102 _aRU
105 _aa z |||||
200 1 _aТехнология полимербетонов
_e(Физ.-хим. основы)
_fВ.В. Патуроев, д-р техн. наук
210 _aМосква
_cСтройиздат
_d1977
215 _a240 с.
_cил.
_d20
320 _aСписок лит.: с. 228-234 (176 назв.)
606 _aПолимербетон
_2rkp
700 1 _aПатуроев
_bВ.В.
_gВасилий Васильевич
801 0 _aRU
_bNLR
_gpsbo
801 1 _aRU
_bELAR
_2rusmarc
852 _aNLR
_j77-3/6037
942 _cBOOK
980 _aNB